000
00267nam a2200121Ia 4500
100
_a
Dudley/Darle W/ Johnston/ E.R.
942
_c
BK
654
_a
Handbook
245
_a
Gear Handbook
260
_b
McGraw Hill
_a
New York
_c
1962
082
_a
621.8
546
_a
ENGLISH
999
_c
27249
_d
27249